Návraty do Nového Mesta Výber z voľnej tvorby J. Dicovej-Ondrejkovej

Bibliographic Details
Main Author: Koutný, Juraj, 1941-2015 (Author)
Format: Article
Language:Slovak
PhysicalDescription:Fot. 1.
Subjects:

MARC

LEADER 00000nab a2200000 a 4500
001 vtls000469107
003 SK-MaSNL
005 20260426053804.0
008 160216c1992 xo 0 slo
015 |a SNBRB19rr/mm-uuuuu 
035 |a CL0469240 
040 |a SNKBUCL  |b slo  |c SNKBUCL  |e AACR2 
041 0 |a slo 
044 |a xo  |c SK 
080 |a 75.071.1:061.4  |2 1981 
080 |a 061.4  |2 1981 
080 |a 929 Dicová-Ondrejková, Jaroslava  |2 1981 
100 1 |a Koutný, Juraj,  |d 1941-2015  |4 aut  |9 5174 
245 1 0 |a Návraty do Nového Mesta  |b Výber z voľnej tvorby J. Dicovej-Ondrejkovej  |c Juraj Koutný ; Jaroslava Dicová-Ondrejková 
300 |b Fot. 1. 
600 1 7 |a Dicová-Ondrejková, Jarmila,  |d 1940-  |2 SNK  |9 98160 
648 7 |a 1992  |2 SNKPH  |9 277405 
648 7 |a november 1992  |2 SNKPH  |9 983251 
650 0 7 |a výstavy  |2 SNKPH  |9 2780 
651 7 |a Nové Mesto nad Váhom (Slovensko)  |2 SNKPH  |9 28941 
655 7 |a články z novín a časopisov  |2 snkbucl  |9 267496 
773 0 |t Práca  |g Roč. 47, č. 265 (10. 11. 1992), s. 7 
850 |a Slovenská národná knižnica v Martine  |a MTA001 
852 |a SNK  |b KIS3GCP 
958 |a BX 
958 |a RK 
992 |a RBX 
999 |c 2117539  |d 2119469